000 00292nam a22001337a 4500
008 170418b xxu||||| |||| 00| 0 eng d
020 _a46018
041 _aeng
080 _a612.39
100 _a10
101 _ashm
245 _aTHE SCIENCE OF NUTRITION
_cTHOMPSON, J.L
942 _2udc
_cBK
999 _c10881
_d10881